| 000 | 00537nam a22001817a 4500 | ||
|---|---|---|---|
| 005 | 20221102162335.0 | ||
| 008 | 220824b ||||| |||| 00| 0 eng d | ||
| 040 | _cAL | ||
| 041 | _aEnglish | ||
| 082 |
_223 _a255.53092 _bFRAS |
||
| 100 |
_aEdmund JB Frank _960846 |
||
| 245 | _aSt Ignatius Loyola Cannon Balled to Sainthood | ||
| 260 |
_aMangalore _bSylvester Tressy Frank Foundation _c2022 |
||
| 300 |
_a86 p. _bPB _c24.2x18 cm. |
||
| 650 |
_a Christianity Jesuits _955431 |
||
| 700 |
_aFRANK (Edmund J B) _955432 |
||
| 942 |
_2ddc _cDB |
||
| 999 |
_c224481 _d224481 |
||